<?xml version="1.0" encoding="UTF-8"?>
<record
    xmlns:xsi="http://www.w3.org/2001/XMLSchema-instance"
    xsi:schemaLocation="http://www.loc.gov/MARC21/slim http://www.loc.gov/standards/marcxml/schema/MARC21slim.xsd"
    xmlns="http://www.loc.gov/MARC21/slim">

  <leader>01405nam2a2200301   4500</leader>
  <controlfield tag="001">RU\NLR\BIBL_A\012365281</controlfield>
  <controlfield tag="005">20201016132246.0</controlfield>
  <datafield tag="010" ind1=" " ind2=" ">
    <subfield code="a">978-5-6043925-4-6</subfield>
    <subfield code="9">30</subfield>
  </datafield>
  <datafield tag="021" ind1=" " ind2=" ">
    <subfield code="a">RU</subfield>
    <subfield code="b">&#x41A;&#x41D;-&#x41F;-20-031512</subfield>
    <subfield code="9">&#x41A;&#x41D;-&#x41F;-20-2417</subfield>
  </datafield>
  <datafield tag="035" ind1=" " ind2=" ">
    <subfield code="a">(NLR Aleph) 012365281</subfield>
  </datafield>
  <datafield tag="035" ind1=" " ind2=" ">
    <subfield code="a">(RuMoRGB)010348955</subfield>
  </datafield>
  <datafield tag="090" ind1=" " ind2=" ">
    <subfield code="a">11548317</subfield>
    <subfield code="c">11548317</subfield>
  </datafield>
  <datafield tag="100" ind1=" " ind2=" ">
    <subfield code="a">20200928d2020    u  y0rusy50      ca</subfield>
  </datafield>
  <datafield tag="101" ind1="0" ind2=" ">
    <subfield code="a">rus</subfield>
  </datafield>
  <datafield tag="102" ind1=" " ind2=" ">
    <subfield code="a">RU</subfield>
  </datafield>
  <datafield tag="105" ind1=" " ind2=" ">
    <subfield code="a">b|||z|||000zy</subfield>
  </datafield>
  <datafield tag="200" ind1="1" ind2=" ">
    <subfield code="a">&#x410;&#x432;&#x433;&#x443;&#x441;&#x442;. &#x41D;&#x430;&#x43F;&#x440;&#x430;&#x432;&#x43B;&#x435;&#x43D;&#x438;&#x435; &#x41E;&#x440;&#x435;&#x43B; - &#x411;&#x440;&#x44F;&#x43D;&#x441;&#x43A;</subfield>
  </datafield>
  <datafield tag="210" ind1=" " ind2=" ">
    <subfield code="d">2020</subfield>
  </datafield>
  <datafield tag="215" ind1=" " ind2=" ">
    <subfield code="a">364 &#x441;.</subfield>
    <subfield code="c">&#x43A;&#x430;&#x440;&#x442;.</subfield>
  </datafield>
  <datafield tag="461" ind1=" " ind2="0">
    <subfield code="1">001RU\NLR\BIBL_A\012365274</subfield>
    <subfield code="1">2001#$a&#x41A;&#x43E;&#x440;&#x43E;&#x442;&#x43A;&#x438;&#x435; &#x445;&#x440;&#x43E;&#x43D;&#x438;&#x43A;&#x438; &#x434;&#x43E;&#x43B;&#x433;&#x43E;&#x439; &#x432;&#x43E;&#x439;&#x43D;&#x44B;. &#x413;&#x43E;&#x434; 1943$e&#x430;&#x43B;&#x44C;&#x431;&#x43E;&#x43C;-&#x43A;&#x430;&#x43B;&#x435;&#x43D;&#x434;&#x430;&#x440;&#x44C;$f&#x410;.&#x412;. &#x41C;&#x43E;&#x440;&#x433;&#x443;&#x43D;&#x43E;&#x432;, &#x41D;.&#x410;. &#x41C;&#x43E;&#x440;&#x433;&#x443;&#x43D;&#x43E;&#x432;&#x430;$v&#x427;. 1</subfield>
    <subfield code="1">700#1$a&#x41C;&#x43E;&#x440;&#x433;&#x443;&#x43D;&#x43E;&#x432;$b&#x410;. &#x412;.$g&#x410;&#x43D;&#x434;&#x440;&#x435;&#x439; &#x412;&#x438;&#x43A;&#x442;&#x43E;&#x440;&#x43E;&#x432;&#x438;&#x447;</subfield>
    <subfield code="9">11548272</subfield>
    <subfield code="a">&#x41C;&#x43E;&#x440;&#x433;&#x443;&#x43D;&#x43E;&#x432;, &#x410;. &#x412;.</subfield>
    <subfield code="c">&#x411;&#x440;&#x44F;&#x43D;&#x441;&#x43A;</subfield>
    <subfield code="d">2020</subfield>
    <subfield code="f">&#x410;.&#x412;. &#x41C;&#x43E;&#x440;&#x433;&#x443;&#x43D;&#x43E;&#x432;, &#x41D;.&#x410;. &#x41C;&#x43E;&#x440;&#x433;&#x443;&#x43D;&#x43E;&#x432;&#x430;</subfield>
    <subfield code="n">&#x414;&#x443;&#x431;&#x43B;&#x44C;&#x43B;&#x430;&#x439;&#x43D;</subfield>
    <subfield code="o">&#x430;&#x43B;&#x44C;&#x431;&#x43E;&#x43C;-&#x43A;&#x430;&#x43B;&#x435;&#x43D;&#x434;&#x430;&#x440;&#x44C;</subfield>
    <subfield code="t">&#x41A;&#x43E;&#x440;&#x43E;&#x442;&#x43A;&#x438;&#x435; &#x445;&#x440;&#x43E;&#x43D;&#x438;&#x43A;&#x438; &#x434;&#x43E;&#x43B;&#x433;&#x43E;&#x439; &#x432;&#x43E;&#x439;&#x43D;&#x44B;. &#x413;&#x43E;&#x434; 1943</subfield>
    <subfield code="v">&#x427;. 1</subfield>
  </datafield>
  <datafield tag="517" ind1="1" ind2=" ">
    <subfield code="a">&#x41D;&#x430;&#x43F;&#x440;&#x430;&#x432;&#x43B;&#x435;&#x43D;&#x438;&#x435; &#x41E;&#x440;&#x435;&#x43B;-&#x411;&#x440;&#x44F;&#x43D;&#x441;&#x43A;</subfield>
  </datafield>
  <datafield tag="606" ind1="1" ind2=" ">
    <subfield code="a">&#x41E;&#x440;&#x43B;&#x43E;&#x432;&#x441;&#x43A;&#x430;&#x44F; &#x43E;&#x43F;&#x435;&#x440;&#x430;&#x446;&#x438;&#x44F;</subfield>
    <subfield code="j">&#x410;&#x43B;&#x44C;&#x431;&#x43E;&#x43C;&#x44B;</subfield>
    <subfield code="z">1943</subfield>
    <subfield code="9">2567486</subfield>
    <subfield code="3">RU\NLR\AUTH\661518442</subfield>
  </datafield>
  <datafield tag="686" ind1="1" ind2=" ">
    <subfield code="a">&#x426;35(2)722.321&#x44F;61</subfield>
  </datafield>
  <datafield tag="942" ind1=" " ind2=" ">
    <subfield code="c">BOOK</subfield>
  </datafield>
  <datafield tag="980" ind1=" " ind2=" ">
    <subfield code="a">NBR</subfield>
  </datafield>
  <datafield tag="980" ind1=" " ind2=" ">
    <subfield code="a">NB</subfield>
  </datafield>
</record>
